Cyclisme : Classment UCI palmarès !!! - Statistiques

Statistiques générales
  • Ce quiz a été pris 327 fois
    144 depuis la dernière actualisation
  • Le résultat moyen est 18 sur 30
Statistiques - réponses
années Pays Noms % Correct
2028 🇸🇮 Pogacar
100%
2027 🇸🇮 Pogacar
100%
2026 🇸🇮 Pogacar
100%
2025 🇸🇮 Pogacar
100%
2024 🇸🇮 Pogacar
100%
2023 🇸🇮 Pogacar
100%
2022 🇸🇮 Pogacar
100%
2021 🇸🇮 Pogacar
100%
2020 🇸🇮 Roglic
91%
2019 🇸🇮 Roglic
91%
2016 🇸🇰 Sagan
75%
2009 🇪🇦 Contador
73%
2011 🇧🇪 Gilbert
69%
2015 🇪🇦 Valverde
65%
2014 🇪🇦 Valverde
65%
2008 🇪🇦 Valverde
65%
2006 🇪🇦 Valverde
65%
2007 🇦🇺 Evans
47%
1999 🇫🇷 Jalabert
45%
2018 🇬🇧 Yates
36%
2013 🇪🇦 Rodriguez
31%
2012 🇪🇦 Rodriguez
31%
2010 🇪🇦 Rodriguez
31%
2017 🇧🇪 Van Avermaet
29%
2003 🇮🇹 Bettini
20%
2002 🇩🇪 Zabel
18%
2001 🇩🇪 Zabel
18%
2004 🇮🇹 Cunego
11%
2005 🇮🇹 Di luca
9%
2000 🇮🇹 Casagrande
2%
Aucun quiz correspondant
Distribution des résultats
% des personnes avec chaque résultat
Percentile par nombre de réponses
Votre historique - résultats
Vous n’avez pas pris ce quiz depuis la dernière actualisation